Statystyki dla Trasa Warszawskiej linii autobusowej 107

Kliknij tutaj aby rozwiązać quiz!

Ogólne statystyki

  • Ten quiz został rozwiązany 8 razy
    (6 od ostatniego zresetowania)
  • Średni wynik to 12 z 36

Statystyki odpowiedzi

DzielnicaPrzystanek% Poprawnych
WolaEsperanto
100%
ŚródmieścieCentrum
60%
MokotówElektrociepłownia Siekierki
60%
ŚródmieścieMetro Świętokrzyska
60%
MokotówAleja Witosa
40%
MokotówBeethovena
40%
MokotówBobrowiecka
40%
MokotówGołkowska
40%
MokotówJeziorko Czerniakowskie
40%
MokotówKierbedzia
40%
ŚródmieścieMokotowska
40%
MokotówOsiedle Bernardyńska
40%
MokotówPlac Bernardyński
40%
ŚródmieścieRozbrat
40%
MokotówSielce
40%
WolaSmocza
40%
MokotówStatkowskiego
40%
MokotówSypniewska
40%
ŚródmieścieAgrykola
20%
Śródmieście / MokotówBartycka
20%
WolaBellottiego
20%
MokotówChełmska
20%
MokotówChełmska
20%
ŚródmieścieDragonów
20%
ŚródmieścieKrólewska
20%
ŚródmieścieKrucza
20%
ŚródmieścieMetro Ratusz-Arsenał
20%
WolaNowolipie
20%
Śródmieście / WolaNowolipki
20%
ŚródmieściePiękna
20%
ŚródmieściePlac Bankowy
20%
ŚródmieścieSzwoleżerów
20%
ŚródmieścieWiejska
20%
ŚródmieścieWspólna
20%
ŚródmieścieZamenhofa
20%
ŚródmieścieŚniegockiej
0%

Rozkład punktacji

Percentyl według liczby udzielonych odpowiedzi

Procent ludzi z każdym wynikiem

Twoja historia wyników

Nie rozwiązałeś tego quizu od ostatniego zresetowania